000 00819nam a2200217Ii 4500
003 JO-AjNU
008 230605s9999||||xx |||||||||||||| ||und||
017 _a1986/11/463
040 _aJO-AjNU
_bara
_erda
_cJO-AjNU
041 _aara
050 1 4 _aLC5808.P3.J35 1986
100 3 _a جامعة القدس المفتوحة  ,
_eauthor
_99682
245 0 0 _aجامعة القدس المفتوحة ضرورة وطنية وقومية وأفق جديد للتعليم العالي
250 _aط1
264 3 1 _aعمان:جامعة القدس المفتوحة،1986
300 _a148ص
_bملحق:ص(119-145)
336 _atext
_btxt
_2rdacontent
337 _aunmediated
_bn
_2rdamedia
338 _avolume
_bnc
_2rdacarrier
650 4 _aالجامعات والكليات-التعليم العالي-الأردن
_99683
999 _aA1425
_c4993
_d4993